| 000 | 00350nam a22001337a 4500 | ||
|---|---|---|---|
| 999 |
_c532814 _d532814 |
||
| 003 | NUST | ||
| 038 | _aM.Ramzan | ||
| 082 |
_a303.625091767 _bSHA |
||
| 100 |
_aShahzad, Syed saleem. _926419 |
||
| 245 | _aInside Al-Qaeda and the Taliban: Beyond Bin Laden and 9/11 / | ||
| 260 |
_aLondon: _bPluto Press, _c2011. |
||
| 300 | _a260 p, : | ||
| 942 |
_2ddc _cBK |
||